HR focus
Αποθηκεύτηκε σε:
| Συγγραφή απο Οργανισμό/Αρχή: | |
|---|---|
| Μορφή: | Περιοδική έκδοση |
| Γλώσσα: | English |
| Δημοσίευση: |
New York :
American Management Association. Institute of Management & Administration,
1991
|
| Θέματα: | |
| Ετικέτες: |
Προσθήκη ετικέτας
Δεν υπάρχουν, Καταχωρήστε ετικέτα πρώτοι!
|
MARC
| LEADER | 00000nas a2200000 i 4500 | ||
|---|---|---|---|
| 001 | 1/98184 | ||
| 008 | 000117c19919999us eng d | ||
| 022 | |a 10596038 | ||
| 035 | |l 10056420 | ||
| 040 | |a GR-MY-UA |b gre |e aacr | ||
| 041 | 0 | |a eng | |
| 082 | 0 | |a 658.3005 | |
| 110 | 2 | |a American Management Association. | |
| 245 | 1 | 0 | |a HR focus |h [περιοδικό] / |c American Management Association |
| 246 | 3 | 3 | |a HR focus |
| 246 | 3 | 3 | |a Human resources focus |
| 260 | |a New York : |b American Management Association. Institute of Management & Administration, |c 1991 | ||
| 300 | |a τ. |b 28 εκ. | ||
| 310 | |a Μηνιαίο | ||
| 500 | |a Η συνδρομή είναι διαθέσιμη σε ηλεκτρονική μορφή από το παγκόσμιο πλέγμα πληροφοριών | ||
| 650 | 0 | 0 | |a Personnel management |x Periodicals. |
| 853 | |a INST |b CHIOS |c SER |h 658.3005 | ||
| 901 | |a BIBL2-2004-1 | ||
| 922 | |a 2ΕΛΗ |b 199309 |c ΚΕΝΤΡΙΚΗ ΒΙΒΛΙΟΘΗΚΗ |d SWETS | ||
| 970 | |a ΣΑΛΑΜΟΥΡΑ |b ΜΑΡΙΑ |z 2004/02/16 | ||